00594 2200229 4500001002100000005001500021035002000036245006200056100001800118250000600136300003600142260003700178082000800215084001400223020001800237650002400255990001700279990001700296990001700313990001700330990001700347INLIS00000000000067620190125013444 a0010-01190001321 aTeknik Budi Daya dan Pasca Panen Markisa /cSetijo Pitojo0 aSetijo Pitojo a- avi, 106 hlm. :bilus. ;c21 cm. aSemarang :bCV Aneka Ilmu,c2007 a634 a634 SET t a979-736-711-8 aTanaman Buah-buahan a02545/P/2018 a02546/P/2018 a02547/P/2018 a02548/P/2018 a02549/P/2018